[Event "Beloeil-1"]
[Site "Beloeil CAN"]
[Date "1991.01.??"]
[Round "3"]
[White "Ross, Dave"]
[Black "Lacroix, Serge"]
[Result "1-0"]
[WhiteElo "2279"]
[BlackElo "1986"]
[PlyCount "76"]
[EventDate "1991.01.??"]
[EventType "swiss"]
[EventRounds "3"]
[EventCountry "CAN"]

1. d4 Nf6 2. c4 g6 3. Nc3 d5 4. Bf4 Bg7 5. e3 O-O 6. cxd5 Nxd5 7. Nxd5 Qxd5 8.
Bxc7 Na6 9. Bxa6 Qxg2 10. Qf3 Qxf3 11. Nxf3 bxa6 12. Rc1 Bb7 13. Ke2 a5 14.
Rhd1 a4 15. Rc5 e6 16. Rdc1 Bd5 17. a3 Rfc8 18. Nd2 Bf8 19. Bd6 Rxc5 20. Bxc5
f5 21. Bxf8 Rxf8 22. Rc7 Rf7 23. Rc8+ Kg7 24. f3 Bb7 25. Rc5 Ba6+ 26. Kd1 Bd3
27. Rc3 Bb5 28. Rc5 Ba6 29. Nc4 Bxc4 30. Rxc4 Rb7 31. Kc2 Rb3 32. Rc3 Rb7 33.
Rc6 Kf7 34. Ra6 Rb3 35. Rxa4 Rxe3 36. Rxa7+ Kf6 37. Rxh7 Rxf3 38. a4 Rf1 1-0

[Event "Bouche-trou"]
[Site "Montreal CAN"]
[Date "1990.12.20"]
[Round "1"]
[White "Lacroix, Serge"]
[Black "Morin, Louis"]
[Result "1-0"]
[WhiteElo "1977"]
[BlackElo "1904"]
[PlyCount "111"]
[EventDate "1990.12.20"]
[EventType "tourn"]
[EventRounds "6"]
[EventCountry "CAN"]

1. d4 Nf6 2. c4 e6 3. Nc3 d5 4. Bg5 Be7 5. e3 O-O 6. Nf3 Nbd7 7. Qc2 a6 8. cxd5
exd5 9. Bd3 c6 10. O-O Re8 11. Rfb1 Nf8 12. b4 Ne4 13. Bxe7 Qxe7 14. a4 Ng6 15.
b5 axb5 16. axb5 Rxa1 17. Rxa1 Bg4 18. bxc6 bxc6 19. Bxe4 dxe4 20. Nd2 f5 21.
Qb3+ Qe6 22. Qxe6+ Rxe6 23. h3 Bh5 24. Ra5 Ne7 25. Ndxe4 h6 26. Nc5 Rd6 27.
N3a4 Bg6 28. Nb6 Rd8 29. Ne6 Rb8 30. Nd7 Re8 31. Ne5 Bf7 32. Nxf7 Kxf7 33. Nc5
Nd5 34. Nd7 Ke6 35. Ne5 Kd6 36. Ra7 Re7 37. Nf7+ Ke6 38. Nd8+ Kd6 39. Nb7+ Ke6
40. Nc5+ Kf6 41. Ra8 Rc7 42. Rf8+ Kg6 43. g4 Ne7 44. f4 fxg4 45. hxg4 Rc8 46.
f5+ Kh7 47. Rf7 Nd5 48. Kf2 Rc7 49. Rf8 Re7 50. e4 Nf6 51. Kf3 Ne8 52. e5 Nc7
53. f6 gxf6 54. exf6 Ne6 55. fxe7 Nxf8 56. exf8=Q 1-0

[Event "Bouche-trou"]
[Site "Montreal CAN"]
[Date "1990.12.21"]
[Round "3"]
[White "Morin, Louis"]
[Black "Lacroix, Serge"]
[Result "1-0"]
[WhiteElo "1904"]
[BlackElo "1977"]
[PlyCount "125"]
[EventDate "1990.12.20"]
[EventType "tourn"]
[EventRounds "6"]
[EventCountry "CAN"]

1. e4 e5 2. Nf3 Nc6 3. Bb5 a6 4. Bxc6 dxc6 5. O-O f6 6. d4 Bg4 7. dxe5 Qxd1 8.
Rxd1 fxe5 9. Rd3 Bxf3 10. gxf3 Nf6 11. Be3 Bd6 12. Nd2 b5 13. Nb3 Nd7 14. Rc3
O-O 15. Kg2 Nb8 16. Rd1 b4 17. Rc4 a5 18. Bc5 Rf6 19. c3 a4 20. Nc1 bxc3 21.
Rxc3 Kf7 22. Nd3 Ra5 23. Rdc1 Rb5 24. Ra3 Rg6+ 25. Kf1 Rh6 26. Rxa4 Rxh2 27.
Kg1 Rh6 28. Ra7 Rg6+ 29. Kf1 Ke8 30. b4 Bxc5 31. Rxc5 Rd6 32. a4 Rxc5 33. Nxc5
Kd8 34. Nb7+ Kd7 35. Nxd6 Kxd6 36. Ra8 Nd7 37. a5 c5 38. b5 c4 39. Ra6+ Kc5 40.
Rc6+ Kxb5 41. Rxc7 Nc5 42. Ke2 Ne6 43. Re7 Nd4+ 44. Kd2 Nxf3+ 45. Kc3 Kxa5 46.
Kxc4 Kb6 47. Kd5 h5 48. Rf7 Ng5 49. Rxg7 Nh3 50. Rh7 Kb5 51. Kxe5 Nxf2 52. Rxh5
Kc6 53. Rh6+ Kd7 54. Kd5 Ng4 55. Rh7+ Ke8 56. Ke6 Kf8 57. Rf7+ Kg8 58. Rf4 Ne3
59. e5 Kg7 60. Kd6 Nd1 61. e6 Nc3 62. e7 Nb5+ 63. Kd7 1-0

[Event "Saint-Jean op"]
[Site "Saint-Jean CAN"]
[Date "1990.??.??"]
[Round "?"]
[White "Prahov, Valentin"]
[Black "Lacroix, Serge"]
[Result "0-1"]
[WhiteElo "2320"]
[BlackElo "1950"]
[PlyCount "54"]
[EventDate "1990.11.17"]
[EventType "swiss"]
[EventRounds "4"]
[EventCountry "CAN"]

1. e4 e5 2. Nf3 Nc6 3. Bc4 Bc5 4. c3 Nf6 5. b4 Bb6 6. d3 d6 7. O-O a6 8. Nbd2
Bg4 9. h3 Bh5 10. Bb3 d5 11. exd5 Nxd5 12. Ne4 f5 13. Bg5 Bxf3 14. gxf3 Nxc3
15. Qe1 Qxd3 16. Nxc3 Qxf3 17. Kh2 Bd4 18. Rc1 e4 19. Bh4 g5 20. Bg3 O-O-O 21.
Bd1 Bxc3 22. Qxc3 Qxc3 23. Rxc3 f4 24. a3 Rd2 25. Kg1 fxg3 26. Rxg3 Rd3 27.
Rxd3 exd3 0-1

[Event "Automne Specialiste"]
[Site "Montreal CAN"]
[Date "1990.09.22"]
[Round "2"]
[White "Lacroix, Serge"]
[Black "Maltais, Christian"]
[Result "1-0"]
[WhiteElo "1949"]
[BlackElo "1750"]
[PlyCount "59"]
[EventDate "1990.09.21"]
[EventType "swiss"]
[EventRounds "5"]
[EventCountry "CAN"]

1. d4 Nf6 2. c4 c5 3. d5 b5 4. cxb5 a6 5. bxa6 Bxa6 6. Nc3 g6 7. e4 Bxf1 8.
Kxf1 d6 9. Nf3 Nbd7 10. g3 Bg7 11. Kg2 O-O 12. Re1 Qb6 13. Re2 Rfb8 14. Qc2 Ng4
15. Bg5 Kf8 16. Rd1 h6 17. Bc1 c4 18. Nd2 Qb4 19. f4 Qc5 20. Kf3 h5 21. Nf1 Qg1
22. e5 dxe5 23. Ne3 e4+ 24. Kxe4 f5+ 25. Kf3 Nde5+ 26. fxe5 Nxe5+ 27. Kf4 Nd3+
28. Kg5 Kf7 29. Kh4 g5+ 30. Kxg5 1-0

[Event "Quebec op"]
[Site "Montreal CAN"]
[Date "1990.08.04"]
[Round "1"]
[White "Ross, Dave"]
[Black "Lacroix, Serge"]
[Result "1-0"]
[WhiteElo "2309"]
[BlackElo "1949"]
[PlyCount "89"]
[EventDate "1990.08.04"]
[EventType "swiss"]
[EventRounds "8"]
[EventCountry "CAN"]

1. d4 Nf6 2. c4 g6 3. Nc3 d5 4. cxd5 Nxd5 5. e4 Nxc3 6. bxc3 Bg7 7. Nf3 O-O 8.
Ba3 Bg4 9. Be2 Nd7 10. O-O c5 11. Rb1 Qa5 12. Rb3 Bxf3 13. Bxf3 cxd4 14. cxd4
Rfe8 15. e5 Rab8 16. Bxb7 Bf8 17. Bc6 Rxb3 18. Qxb3 Rd8 19. Bxd7 Rxd7 20. e6
Rd5 21. exf7+ Kxf7 22. Bc5 e6 23. Qb7+ Kg8 24. Qc8 Rf5 25. Qxe6+ Kg7 26. g4 Rf7
27. Qe5+ Kg8 28. Bxf8 Qxe5 29. dxe5 Kxf8 30. f4 Rc7 31. Kg2 Rc2+ 32. Rf2 Rc3
33. Rb2 Ra3 34. Rb8+ Kf7 35. Rb7+ Kg8 36. f5 gxf5 37. gxf5 Rxa2+ 38. Kg3 Ra5
39. Re7 Kf8 40. f6 h6 41. Kf4 Ra6 42. Kf5 Ra2 43. Rh7 Rxh2 44. Rh8+ Kf7 45. e6#
1-0

[Event "Quebec op"]
[Site "Montreal CAN"]
[Date "1990.08.07"]
[Round "4"]
[White "Lacroix, Serge"]
[Black "Chabot, Roland"]
[Result "0-1"]
[WhiteElo "1949"]
[BlackElo "2218"]
[PlyCount "159"]
[EventDate "1990.08.04"]
[EventType "swiss"]
[EventRounds "8"]
[EventCountry "CAN"]

1. d4 f5 2. c4 Nf6 3. g3 g6 4. Bg2 Bg7 5. Nc3 O-O 6. Nf3 d6 7. O-O Qe8 8. d5
Na6 9. Be3 Bd7 10. Qd2 c5 11. Bh6 Nc7 12. Bxg7 Kxg7 13. a4 a6 14. a5 Rb8 15. e4
fxe4 16. Ng5 b5 17. axb6 Rxb6 18. Ngxe4 h6 19. Nxf6 exf6 20. Rfe1 Qf7 21. Be4
f5 22. Bd3 Ne8 23. f4 Nf6 24. Bc2 Rfb8 25. b3 Ng4 26. h3 Nf6 27. Re2 Re8 28.
Rxe8 Qxe8 29. Re1 Qf7 30. Kf2 Ng8 31. Ne2 Bc8 32. Qa5 Qb7 33. Qc3+ Kf8 34. Nc1
Qf7 35. Qa5 Qb7 36. Qa4 Bd7 37. Qa1 Bc8 38. Ne2 Qg7 39. Qa5 Qc7 40. Qd2 Nf6 41.
Qe3 Rb7 42. Nc3 Qd8 43. Na4 Bd7 44. Nb2 Bc8 45. Ra1 Re7 46. Qc3 Kf7 47. Re1
Rxe1 48. Qxe1 Qb6 49. Na4 Qc7 50. b4 cxb4 51. Qxb4 Nxd5 52. Qb3 Nf6 53. c5+ Be6
54. Qb6 Qxb6 55. cxb6 Bc8 56. Bb3+ Ke7 57. Ke3 Bb7 58. Nc3 d5 59. Kd4 Kd6 60.
Ba2 Bc6 61. Bb3 a5 62. Na4 Nd7 63. g4 fxg4 64. hxg4 Bxa4 65. Bxa4 Nxb6 66. Be8
g5 67. f5 a4 68. Bb5 a3 69. Kc3 Nc4 70. Kb3 Ke5 71. Bxc4 dxc4+ 72. Kxa3 h5 73.
gxh5 Kxf5 74. Kb4 g4 75. Kxc4 g3 76. h6 Kg6 77. Kd3 g2 78. Ke2 g1=Q 79. h7 Kxh7
80. Kf3 0-1

[Event "Quebec op"]
[Site "Montreal CAN"]
[Date "1990.08.09"]
[Round "6"]
[White "Lacroix, Serge"]
[Black "Larocque, Denis"]
[Result "0-1"]
[WhiteElo "1949"]
[BlackElo "2017"]
[PlyCount "78"]
[EventDate "1990.08.04"]
[EventType "swiss"]
[EventRounds "8"]
[EventCountry "CAN"]

1. d4 Nf6 2. c4 g6 3. Nc3 d5 4. Nf3 Bg7 5. Qb3 dxc4 6. Qxc4 O-O 7. e4 Nfd7 8.
Be3 Nb6 9. Qb3 c6 10. Rd1 Qc7 11. a4 Be6 12. Qc2 Nc4 13. Bc1 Na6 14. Ng5 Qd6
15. b3 Nb4 16. Qb1 Na5 17. e5 Qd7 18. Ba3 Bf5 19. Nce4 Nd5 20. Bd3 b6 21. b4
Nb7 22. Qc2 h6 23. Nf3 Rfc8 24. O-O Rc7 25. Nh4 Be6 26. f4 Ne3 27. Qc3 Nxd1 28.
Rxd1 a5 29. Nf3 axb4 30. Qxb4 Nd8 31. Bc2 Rb7 32. h3 Qd5 33. Nfd2 Qa5 34. Qb2
Qa6 35. Bb4 Bf8 36. g4 Qa7 37. Kh2 Bd5 38. f5 g5 39. f6 Ne6 0-1

[Event "Quebec-ch Amateur"]
[Site "Montreal CAN"]
[Date "1990.??.??"]
[Round "?"]
[White "Lacroix, Serge"]
[Black "Cazelais, Marc"]
[Result "1-0"]
[WhiteElo "2093"]
[BlackElo "2082"]
[PlyCount "103"]
[EventDate "1990.05.18"]
[EventType "swiss"]
[EventRounds "5"]
[EventCountry "CAN"]

1. d4 g6 2. c4 Bg7 3. e4 Nc6 4. Nf3 d6 5. d5 Ne5 6. Nxe5 Bxe5 7. Be2 Bg7 8. O-O
Nf6 9. Nc3 c6 10. Be3 O-O 11. Qd2 Re8 12. Rfd1 Qa5 13. a3 a6 14. b4 Qc7 15.
Rac1 a5 16. c5 axb4 17. axb4 dxc5 18. bxc5 Ra3 19. h3 Qa5 20. f3 Bd7 21. Nb1
Qxd2 22. Bxd2 Ra1 23. Bc3 Ra2 24. Bc4 Ra7 25. d6 exd6 26. Rxd6 Be6 27. Bxe6
fxe6 28. Nd2 Kf7 29. Bxf6 Bxf6 30. Nc4 Ra1 31. Rd7+ Kg8 32. Rxa1 Bxa1 33. Na5
Ra8 34. Nxb7 Be5 35. Rd8+ Rxd8 36. Nxd8 Bd4+ 37. Kf1 Bxc5 38. Nxe6 Be7 39. Nd4
c5 40. Nc6 Bf6 41. Ke2 Kf7 42. Kd3 Ke6 43. f4 Bh4 44. g4 Bg3 45. Ke3 Be1 46.
Ne5 Bc3 47. Nc4 Bg7 48. Kd3 Bh6 49. g5 Bg7 50. Ne3 h6 51. f5+ gxf5 52. Nxf5 1-0

[Event "Quebec-ch Amateur"]
[Site "Montreal CAN"]
[Date "1990.??.??"]
[Round "?"]
[White "Lacroix, Serge"]
[Black "Roy, Alain"]
[Result "1/2-1/2"]
[WhiteElo "2093"]
[BlackElo "2169"]
[PlyCount "58"]
[EventDate "1990.05.18"]
[EventType "swiss"]
[EventRounds "5"]
[EventCountry "CAN"]

1. d4 Nf6 2. c4 g6 3. Nc3 Bg7 4. e4 d6 5. Nf3 O-O 6. Be2 e5 7. Be3 Nc6 8. d5
Ne7 9. Nd2 Nd7 10. b4 f5 11. f3 Nf6 12. c5 f4 13. Bf2 g5 14. h3 Ng6 15. cxd6
cxd6 16. Rc1 Rf7 17. Qc2 Nh4 18. O-O Ne8 19. Nb5 a6 20. Nc3 Qd7 21. Qa4 b5 22.
Bxb5 axb5 23. Qxa8 Nxg2 24. Nxb5 Bb7 25. Qb8 Ne3 26. Nxd6 Rf8 27. Nxe8 Qxh3 28.
Bxe3 Qg3+ 29. Kh1 Qh3+ 1/2-1/2

[Event "Granby"]
[Site "Granby CAN"]
[Date "1990.04.22"]
[Round "3"]
[White "Morin, Louis"]
[Black "Lacroix, Serge"]
[Result "0-1"]
[WhiteElo "1886"]
[BlackElo "2033"]
[PlyCount "58"]
[EventDate "1990.04.21"]
[EventType "swiss"]
[EventRounds "4"]
[EventCountry "CAN"]

1. e4 e5 2. Nf3 Nc6 3. Bc4 Bc5 4. b4 Bxb4 5. c3 Ba5 6. d4 exd4 7. O-O d6 8.
cxd4 Bb6 9. Nc3 Na5 10. Bg5 f6 11. Bf4 Bg4 12. Qd3 Bxf3 13. gxf3 Ne7 14. Be6
Ng6 15. Bd2 Nc6 16. Ne2 Qe7 17. Qc4 Nxd4 18. Nxd4 Bxd4 19. Qxd4 Qxe6 20. Kg2
Qe5 21. Qxe5+ fxe5 22. Rfc1 O-O-O 23. Rc4 Rhf8 24. Kg3 Rd7 25. Ra4 Rdf7 26. Ra3
a6 27. Rc1 Nf4 28. Bxf4 Rxf4 29. Rcc3 R8f7 0-1

[Event "Longueuil CC-ch1"]
[Site "Longueuil CAN"]
[Date "1990.05.11"]
[Round "4"]
[White "Charest, Johanne"]
[Black "Lacroix, Serge"]
[Result "0-1"]
[WhiteElo "1740"]
[BlackElo "1960"]
[PlyCount "91"]
[EventDate "1990.04.20"]
[EventType "swiss"]
[EventRounds "7"]
[EventCountry "CAN"]

1. e4 e5 2. Nf3 Nf6 3. Bc4 Bc5 4. c3 Nc6 5. d3 d6 6. O-O a6 7. Be3 Bxe3 8. fxe3
O-O 9. Nbd2 Na5 10. Qe2 Nxc4 11. Nxc4 Be6 12. Ncd2 h6 13. b3 c6 14. d4 Bg4 15.
h3 Bxf3 16. Rxf3 Qe7 17. Raf1 Nh7 18. Rg3 exd4 19. exd4 Rae8 20. Qh5 Kh8 21.
Qf5 Qe6 22. Qf4 Ng5 23. Re1 f5 24. e5 d5 25. Rf1 Qe7 26. Qe3 Ne6 27. Rgf3 f4
28. Qd3 g5 29. R1f2 Kg7 30. Nf1 a5 31. Nh2 h5 32. Nf1 g4 33. hxg4 hxg4 34. Ng3
gxf3 35. Nf5+ Rxf5 36. Qxf5 Qg5 37. Qh3 Nxd4 38. cxd4 Qh6 39. Qg4+ Qg6 40. Qxf3
Qb1+ 41. Rf1 Qe4 42. Qg4+ Kf7 43. Qh5+ Ke7 44. Qh4+ Kd7 45. Qf6 Qxd4+ 46. Rf2
0-1

[Event "Specialiste op"]
[Site "Montreal CAN"]
[Date "1990.01.28"]
[Round "3"]
[White "Charest, Johanne"]
[Black "Lacroix, Serge"]
[Result "0-1"]
[WhiteElo "1534"]
[BlackElo "2008"]
[PlyCount "72"]
[EventDate "1990.01.27"]
[EventType "swiss"]
[EventRounds "4"]
[EventCountry "CAN"]

1. e4 e5 2. Nf3 Nc6 3. Bc4 Bc5 4. c3 Nf6 5. d3 d6 6. Bg5 a6 7. O-O Qe7 8. Nbd2
Be6 9. Qe2 O-O 10. Rad1 Bxc4 11. Nxc4 b5 12. Ne3 Bxe3 13. fxe3 Qe6 14. b3 Nd7
15. d4 Qg6 16. Qd3 Nd8 17. Bh4 Ne6 18. Bg3 Ng5 19. Nxg5 Qxg5 20. Rf5 Qg4 21.
Rdf1 f6 22. dxe5 Nxe5 23. Bxe5 dxe5 24. Qd5+ Kh8 25. Qc5 Qxe4 26. Kh1 Rfd8 27.
R5f3 Rd7 28. h3 Qd5 29. Qb4 c5 30. Qg4 Rad8 31. e4 Qf7 32. Kh2 Qg6 33. Qe6 h5
34. Rf5 Rd2 35. Rg1 Rxa2 36. Qe7 Rd1 0-1

[Event "RA Winter op"]
[Site "Ottawa CAN"]
[Date "1990.01.13"]
[Round "2"]
[White "Lacroix, Serge"]
[Black "Southam, David"]
[Result "1/2-1/2"]
[WhiteElo "2000"]
[BlackElo "2100"]
[PlyCount "124"]
[EventDate "1990.01.13"]
[EventType "swiss"]
[EventRounds "5"]
[EventCountry "CAN"]

1. d4 Nf6 2. c4 g6 3. Nc3 Bg7 4. e4 d6 5. Nf3 O-O 6. Be2 e5 7. O-O Nc6 8. d5
Ne7 9. Ne1 Nd7 10. Nd3 f5 11. Bd2 Nf6 12. f3 f4 13. c5 g5 14. cxd6 cxd6 15. h3
Ng6 16. Rc1 h5 17. Nf2 Rf7 18. Nb5 Ne8 19. Qb3 Bf6 20. Rc2 Bd7 21. Rfc1 a6 22.
Nc7 Nxc7 23. Rxc7 b5 24. Qa3 Be7 25. Ba5 Qe8 26. Rb7 Rc8 27. Rxc8 Qxc8 28. Rc7
Qe8 29. Bb4 Qd8 30. Qc3 Rf8 31. Ba5 Qe8 32. Ra7 Qc8 33. Qxc8 Bxc8 34. Nd3 Bd8
35. Bxd8 Rxd8 36. Nb4 Rd7 37. Ra8 Rc7 38. Nxa6 Rc1+ 39. Kf2 Kf7 40. Nb4 Bd7 41.
Ra7 Ke8 42. Na6 g4 43. hxg4 hxg4 44. fxg4 Rc2 45. Nc7+ Kd8 46. Ne6+ Bxe6 47.
dxe6 Rxb2 48. Rd7+ Ke8 49. Rxd6 Ke7 50. Rb6 Rxa2 51. Rxb5 Kxe6 52. Rb6+ Kf7 53.
g5 Nh4 54. Kf1 Ra1+ 55. Kf2 Ra2 56. Rf6+ Ke7 57. g3 fxg3+ 58. Kxg3 Rxe2 59.
Kxh4 Rxe4+ 60. Kg3 Rd4 61. Kf2 Rf4+ 62. Rxf4 exf4 1/2-1/2

[Event "RA Winter op"]
[Site "Ottawa CAN"]
[Date "1990.01.13"]
[Round "3"]
[White "Lacroix, Serge"]
[Black "Leimanis, Eriks"]
[Result "1-0"]
[WhiteElo "2000"]
[BlackElo "2000"]
[PlyCount "31"]
[EventDate "1990.01.13"]
[EventType "swiss"]
[EventRounds "5"]
[EventCountry "CAN"]

1. d4 d5 2. c4 e6 3. Nc3 c5 4. cxd5 cxd4 5. Qxd4 Nc6 6. Qd1 exd5 7. Qxd5 Bd7 8.
Nf3 Nf6 9. Qd1 Bc5 10. g3 Qe7 11. Bg2 O-O-O 12. O-O Bg4 13. Qa4 Nb4 14. Bf4 Bd7
15. Nb5 Nfd5 16. Qxa7 1-0

[Event "RA Winter op"]
[Site "Ottawa CAN"]
[Date "1990.01.14"]
[Round "4"]
[White "Southam, Todd"]
[Black "Lacroix, Serge"]
[Result "1-0"]
[WhiteElo "2100"]
[BlackElo "2000"]
[PlyCount "59"]
[EventDate "1990.01.13"]
[EventType "swiss"]
[EventRounds "5"]
[EventCountry "CAN"]

1. d4 Nf6 2. c4 g6 3. Nf3 Bg7 4. Nc3 d5 5. cxd5 Nxd5 6. e4 Nxc3 7. bxc3 O-O 8.
Be2 c5 9. Rb1 cxd4 10. cxd4 Qa5+ 11. Qd2 Qxd2+ 12. Bxd2 Rd8 13. d5 e6 14. O-O
exd5 15. exd5 b6 16. Rfd1 Bf5 17. Rbc1 Nd7 18. Bg5 f6 19. Be3 Ne5 20. Nxe5 fxe5
21. g4 Bd7 22. Rc7 Ba4 23. Rd2 Rd7 24. d6 Rad8 25. Bc4+ Kf8 26. Bg5 Rxc7 27.
dxc7 Re8 28. Rd8 Bd7 29. Rxe8+ Kxe8 30. Bb5 1-0

[Event "Triathlon"]
[Site "Montreal CAN"]
[Date "1990.01.03"]
[Round "2"]
[White "Lacroix, Serge"]
[Black "Morin, Louis"]
[Result "0-1"]
[WhiteElo "2006"]
[BlackElo "1884"]
[PlyCount "121"]
[EventDate "1990.01.03"]
[EventType "tourn"]
[EventRounds "8"]
[EventCountry "CAN"]

1. d4 d5 2. c4 e6 3. Nc3 c5 4. cxd5 exd5 5. Nf3 Nc6 6. g3 Nf6 7. Bg2 Be7 8. O-O
O-O 9. dxc5 Bxc5 10. Bg5 d4 11. Bxf6 Qxf6 12. Nd5 Qd8 13. Nd2 Re8 14. Rc1 Bb6
15. Nc4 Bg4 16. Rc2 h6 17. a3 Bf5 18. Rd2 Be4 19. Ndxb6 Bxg2 20. Nxa8 Bxf1 21.
Qxf1 Qxa8 22. Nd6 Rd8 23. Nf5 Qc8 24. Qh3 Qe6 25. Qg4 Qf6 26. Qe4 Qe6 27. Qc2
Rd5 28. Nh4 Rh5 29. b4 Qh3 30. Qe4 g5 31. Qf5 Rxh4 32. Qxh3 Rxh3 33. b5 Ne5 34.
Rxd4 g4 35. Rd8+ Kg7 36. Rb8 b6 37. Rb7 Rh5 38. Rxa7 Nc4 39. a4 Rc5 40. f3 h5
41. fxg4 hxg4 42. Kf2 Na5 43. Ke3 Rc4 44. Ra6 Rxa4 45. Kd3 Ra3+ 46. Ke4 Nc4 47.
Kd5 Ne3+ 48. Kc6 Rb3 49. Kxb6 Nf1 50. Kc6 Nxh2 51. b6 Rxg3 52. b7 Rc3+ 53. Kd6
Rb3 54. Kc7 g3 55. Rb6 Rxb6 56. Kxb6 g2 57. b8=Q g1=Q+ 58. Kc6 Qg2+ 59. Kd7
Qxe2 60. Qb6 Nf3 61. Qb3 0-1

[Event "Triathlon"]
[Site "Montreal CAN"]
[Date "1990.01.03"]
[Round "4"]
[White "Morin, Louis"]
[Black "Lacroix, Serge"]
[Result "1/2-1/2"]
[WhiteElo "1884"]
[BlackElo "2006"]
[PlyCount "98"]
[EventDate "1990.01.03"]
[EventType "tourn"]
[EventRounds "8"]
[EventCountry "CAN"]

1. e4 e5 2. Nf3 Nc6 3. Nc3 Nf6 4. Bb5 Nd4 5. Nxd4 exd4 6. e5 dxc3 7. exf6 Qxf6
8. dxc3 Qe5+ 9. Qe2 Qxe2+ 10. Bxe2 Bc5 11. Bf4 d6 12. O-O Be6 13. c4 a5 14. a4
Kd7 15. Bd3 h6 16. Rfe1 Rhe8 17. Be3 Bxe3 18. Rxe3 Kc6 19. Rae1 Bd7 20. b3 Kc5
21. Rxe8 Rxe8 22. Rxe8 Bxe8 23. c3 Bd7 24. Kf1 Be6 25. Bc2 Bxc4+ 26. bxc4 Kxc4
27. Ke2 Kxc3 28. Bf5 c6 29. Bd7 Kb3 30. Bc8 b5 31. axb5 cxb5 32. Bd7 b4 33. Be8
f6 34. Kd2 a4 35. Kc1 a3 36. Bf7+ Kc3 37. Kb1 g5 38. Ka2 Kd2 39. Bd5 Ke2 40. f3
Kf2 41. g4 Kg1 42. Kb3 Kxh2 43. Kxb4 Kg3 44. Kxa3 Kf4 45. Kb4 f5 46. gxf5 Kxf5
47. Bf7 g4 48. fxg4+ Kxg4 49. Kc4 h5 1/2-1/2

[Event "Triathlon"]
[Site "Montreal CAN"]
[Date "1990.01.04"]
[Round "6"]
[White "Lacroix, Serge"]
[Black "Morin, Louis"]
[Result "1/2-1/2"]
[WhiteElo "2006"]
[BlackElo "1884"]
[PlyCount "129"]
[EventDate "1990.01.03"]
[EventType "tourn"]
[EventRounds "8"]
[EventCountry "CAN"]

1. d4 d5 2. c4 e6 3. Nc3 c5 4. cxd5 exd5 5. Nf3 Nc6 6. g3 Nf6 7. Bg2 Be7 8. O-O
O-O 9. dxc5 Bxc5 10. Bg5 d4 11. Bxf6 Qxf6 12. Nd5 Qd8 13. Nd2 Re8 14. Rc1 Bb6
15. Nc4 Be6 16. Nf4 Bf5 17. Qd2 Be4 18. Rfd1 Bxg2 19. Kxg2 h6 20. a3 Bc7 21. b4
Bxf4 22. Qxf4 Qd5+ 23. Qf3 Rad8 24. Qxd5 Rxd5 25. Rc2 Kf8 26. Rcd2 Red8 27. e3
dxe3 28. fxe3 Rxd2+ 29. Rxd2 Rxd2+ 30. Nxd2 Ke7 31. Kf3 Ke6 32. Ke4 f5+ 33. Kd3
Kd5 34. Kc3 b5 35. Nb3 Ke4 36. Kd2 Ne5 37. Nc5+ Kd5 38. Ke2 Nc4 39. a4 bxa4 40.
Nxa4 Ne5 41. Nb2 Nc6 42. b5 Ne5 43. Na4 Nd7 44. Kd2 Kc4 45. Nc3 Nc5 46. Ne2
Ne4+ 47. Kc2 Nd6 48. Nd4 g5 49. h4 gxh4 50. gxh4 f4 51. Kd2 Nxb5 52. Nf5 fxe3+
53. Nxe3+ Kb3 54. Nf5 h5 55. Kc1 Nc3 56. Nd4+ Kc4 57. Nf5 Ne2+ 58. Kd2 Nd4 59.
Ng3 Nf3+ 60. Kc2 Nxh4 61. Nxh5 Nf3 62. Nf4 a5 63. Kb2 Nd4 64. Ka3 Kb5 65. Nd5
1/2-1/2

[Event "Triathlon"]
[Site "Montreal CAN"]
[Date "1990.01.04"]
[Round "8"]
[White "Morin, Louis"]
[Black "Lacroix, Serge"]
[Result "1/2-1/2"]
[WhiteElo "1884"]
[BlackElo "2006"]
[PlyCount "130"]
[EventDate "1990.01.03"]
[EventType "tourn"]
[EventRounds "8"]
[EventCountry "CAN"]

1. e4 e5 2. Nf3 Nc6 3. Nc3 Nf6 4. Bb5 Nd4 5. Nxd4 exd4 6. e5 dxc3 7. exf6 Qxf6
8. dxc3 Qe5+ 9. Qe2 Qxe2+ 10. Bxe2 Bc5 11. Bf4 d6 12. O-O Be6 13. Bf3 O-O-O 14.
a4 a5 15. Rfe1 Rhe8 16. Be4 h6 17. b3 d5 18. Bd3 Bd6 19. Be5 Bxe5 20. Rxe5 Rd6
21. Rae1 Red8 22. Bf5 Bxf5 23. Rxf5 f6 24. Rf3 Kd7 25. Rfe3 Kc6 26. Kf1 Kc5 27.
Re7 R8d7 28. Rxd7 Rxd7 29. Ke2 b5 30. axb5 Kxb5 31. Kd3 c5 32. Rb1 Re7 33. f3
f5 34. g3 g5 35. c4+ dxc4+ 36. bxc4+ Kc6 37. Ra1 Ra7 38. Re1 Kd6 39. Kc3 a4 40.
f4 gxf4 41. gxf4 Rg7 42. Re5 Rg2 43. Rxf5 Rxh2 44. Rd5+ Kc6 45. f5 Rf2 46. Re5
h5 47. f6 h4 48. Rh5 Rf3+ 49. Kb2 h3 50. f7 Kb6 51. Rxh3 Rxf7 52. Rh4 Rf2 53.
Ka3 Ka5 54. c3 Rf7 55. Rh5 Rc7 56. Rg5 Rc6 57. Rg8 Rh6 58. Ra8+ Ra6 59. Rxa6+
Kxa6 60. Kxa4 Kb6 61. Ka3 Ka5 62. Kb3 Kb6 63. Kc2 Kc6 64. Kd3 Kd6 65. Ke4 Ke6
1/2-1/2

[Event "Pere Noel"]
[Site "Montreal CAN"]
[Date "1989.12.27"]
[Round "2"]
[White "Hergott, Deen"]
[Black "Lacroix, Serge"]
[Result "1-0"]
[WhiteElo "2400"]
[BlackElo "2000"]
[PlyCount "67"]
[EventDate "1989.12.26"]
[EventType "swiss"]
[EventRounds "5"]
[EventCountry "CAN"]

1. Nf3 Nf6 2. c4 e6 3. g3 d5 4. Bg2 c5 5. O-O Nc6 6. d4 Be7 7. cxd5 exd5 8. Nc3
O-O 9. dxc5 Bxc5 10. Na4 Be7 11. Be3 b6 12. Rc1 Bb7 13. Nc3 Na5 14. b3 Ne4 15.
Nb5 Nc6 16. Nfd4 Nxd4 17. Bxd4 Nc5 18. Be5 Qd7 19. Nc3 Rad8 20. Bd4 Rfe8 21.
Qd2 Qf5 22. Nb5 a6 23. Nc7 Rf8 24. b4 Ne4 25. Qb2 Bf6 26. Bxf6 Nxf6 27. Qa1 Rd6
28. Rfd1 Rfd8 29. a4 h5 30. a5 bxa5 31. bxa5 Rc6 32. Rxc6 Bxc6 33. Nxa6 Bb5 34.
Nc7 1-0

[Event "En Passant 6"]
[Site "Montreal CAN"]
[Date "1989.11.29"]
[Round "2"]
[White "Lacroix, Serge"]
[Black "Morin, Louis"]
[Result "1/2-1/2"]
[WhiteElo "2009"]
[BlackElo "1888"]
[PlyCount "136"]
[EventDate "1989.11.22"]
[EventType "tourn"]
[EventRounds "3"]
[EventCountry "CAN"]

1. d4 d5 2. c4 e6 3. Nc3 c5 4. cxd5 exd5 5. Nf3 Nc6 6. g3 Nf6 7. Bg2 Be7 8. Bg5
Be6 9. O-O O-O 10. Rc1 Ne4 11. Bxe7 Qxe7 12. dxc5 Rfd8 13. Nd4 Nxc5 14. Nxc6
bxc6 15. b4 Nb7 16. b5 cxb5 17. Nxb5 Nc5 18. Qd4 Rac8 19. Rfd1 Rd7 20. Nc3 Rcd8
21. Rd2 Ne4 22. Rdd1 Nf6 23. e3 h6 24. h3 Ne4 25. Qe5 f6 26. Qd4 Nxc3 27. Rxc3
Rb8 28. Rdc1 Rb4 29. Rc8+ Kh7 30. Qd3+ g6 31. Qc3 d4 32. exd4 Rbxd4 33. Rc7
Rxc7 34. Qxc7 Rd1+ 35. Kh2 Qxc7 36. Rxc7+ Rd7 37. Rc6 Re7 38. a4 Kg7 39. a5 Kf7
40. a6 Rd7 41. Be4 Re7 42. Bf3 Rd7 43. g4 f5 44. Kg3 fxg4 45. hxg4 g5 46. Be4
Ke7 47. Rxe6+ Kxe6 48. Bf5+ Ke7 49. Bxd7 Kxd7 50. f4 Ke6 51. f5+ Kf6 52. Kf3
Ke5 53. Kg2 Kf6 54. Kf3 Ke5 55. Kf2 Kf6 56. Kg2 h5 57. gxh5 Kxf5 58. Kg3 g4 59.
Kh4 g3 60. Kxg3 Kg5 61. Kf3 Kxh5 62. Ke4 Kg6 63. Kd5 Kf7 64. Kc6 Ke6 65. Kb7
Kd7 66. Kxa7 Kc7 67. Ka8 Kc8 68. Ka7 Kc7 1/2-1/2

[Event "Specialiste Automne"]
[Site "Montreal CAN"]
[Date "1989.10.29"]
[Round "3"]
[White "Lacroix, Serge"]
[Black "Charest, Johanne"]
[Result "1-0"]
[WhiteElo "2047"]
[BlackElo "1560"]
[PlyCount "59"]
[EventDate "1989.10.28"]
[EventType "swiss"]
[EventRounds "4"]
[EventCountry "CAN"]

1. d4 d5 2. c4 c6 3. Nf3 Nf6 4. Nc3 e6 5. Bg5 Nbd7 6. e3 Bb4 7. Qc2 O-O 8. Be2
dxc4 9. Bxc4 Re8 10. O-O h6 11. Bh4 a6 12. a3 Be7 13. Rfd1 b5 14. Ba2 Bb7 15.
Rac1 a5 16. Bb1 b4 17. axb4 axb4 18. Na4 Ra5 19. Ne5 g6 20. b3 Qa8 21. Nxc6 Rh5
22. Nxe7+ Rxe7 23. Bxf6 Nxf6 24. f3 Qb8 25. g4 Rh3 26. e4 Rxf3 27. Qg2 Re3 28.
Nc5 Ba8 29. Rf1 Kg7 30. Rxf6 1-0